<?xml version="1.0" encoding="UTF-8"?>
<collection xmlns="http://www.loc.gov/MARC21/slim">
    <record>
        <controlfield tag="001">66704</controlfield>
        <controlfield tag="005">20180223094632.0</controlfield>
        <datafield tag="037" ind1=" " ind2=" ">
            <subfield code="a">GDOC-2016-28121</subfield>
        </datafield>
        <datafield tag="041" ind1=" " ind2=" ">
            <subfield code="a">spa</subfield>
        </datafield>
        <datafield tag="100" ind1=" " ind2=" ">
            <subfield code="0">(orcid)0000-0002-9658-9395</subfield>
            <subfield code="1">387287</subfield>
            <subfield code="a">Beltrán Lloris, Francisco</subfield>
        </datafield>
        <datafield tag="245" ind1="0" ind2="0">
            <subfield code="9">28121</subfield>
            <subfield code="a">Hispania antigua</subfield>
        </datafield>
        <datafield tag="260" ind1=" " ind2=" ">
            <subfield code="a">Zaragoza</subfield>
            <subfield code="b">Universidad de Zaragoza</subfield>
            <subfield code="c">2016-2017</subfield>
        </datafield>
        <datafield tag="520" ind1=" " ind2=" ">
            <subfield code="a">Breve presentación de la asignatura
La asignatura pretende dotar al alumno de una visión general de la historia hispana entre los siglos VIII a.E y V d.E., incidiendo en los procesos de contacto cultural y transformación social (la romanización particularmente), la dialéctica entre fenómenos locales o regionales y globales, y los enfoques identitarios.
La materia se articula en cuatro bloques: el impacto de las colonizaciones fenicia y griega sobre las sociedades mediterráneas y la cristalización de la ciudad-estado (VIII-III a.E.); la romanización inicial con las transformaciones sociales y económicas de las sociedades indígenas provocadas por la conquista y la incorporación al Imperio Romano en un contexto de diversidad cultural (III-I a.E.); la romanización plena durante el Principado con atención preferente a los procesos de homogeneización y cambio cultural y lingüístico, la integración política bajo César y Augusto y los Flavios, la administración provincial y el funcionamiento municipal (I-III d.E.); y la crisis del Principado y la transición a la Antigüedad Tardía, con especial atención a la transformación de la vida urbana, la difusión del cristianismo y la instalación de los pueblos germanos (III-V d.E.).</subfield>
            <subfield code="b"> </subfield>
        </datafield>
        <datafield tag="521" ind1=" " ind2=" ">
            <subfield code="9">122</subfield>
            <subfield code="a">Historia</subfield>
        </datafield>
        <datafield tag="540" ind1=" " ind2=" ">
            <subfield code="a">by-nc-sa</subfield>
            <subfield code="b">Creative Commons</subfield>
            <subfield code="c">3.0</subfield>
            <subfield code="u">http://creativecommons.org/licenses/by-nc-sa/3.0/</subfield>
        </datafield>
        <datafield tag="700" ind1=" " ind2=" ">
            <subfield code="0">(orcid)0000-0001-8708-6211</subfield>
            <subfield code="1">387371</subfield>
            <subfield code="a">Pina Polo, Francisco José</subfield>
        </datafield>
        <datafield tag="700" ind1=" " ind2=" ">
            <subfield code="0">(orcid)0000-0001-9099-5811</subfield>
            <subfield code="1">434671</subfield>
            <subfield code="a">Díaz Ariño, Borja</subfield>
        </datafield>
        <datafield tag="830" ind1=" " ind2=" ">
            <subfield code="9">418</subfield>
        </datafield>
        <datafield tag="856" ind1="4" ind2=" ">
            <subfield code="s">13141</subfield>
            <subfield code="u">http://zaguan.unizar.es/record/66704/files/guia-28121-en.pdf</subfield>
            <subfield code="y">Guide (english)</subfield>
        </datafield>
        <datafield tag="856" ind1="4" ind2=" ">
            <subfield code="s">21496</subfield>
            <subfield code="u">http://zaguan.unizar.es/record/66704/files/guia-28121-es.pdf</subfield>
            <subfield code="y">Guía (idioma español)</subfield>
        </datafield>
        <datafield tag="970" ind1=" " ind2=" ">
            <subfield code="a">GDOC-2016-28121</subfield>
        </datafield>
        <datafield tag="980" ind1=" " ind2=" ">
            <subfield code="a">GDOC</subfield>
            <subfield code="b">Artes y humanidades</subfield>
            <subfield code="c">103</subfield>
        </datafield>
    </record>

    
</collection>